PRN: proceso de reorganización nacional, 1976-1983 : [aproximación histórica para la escuela secundaria] /

Guardado en:
Autor Principal: Ciarniello, Nicolás
Formato: Libro
Publicado: Bahía Blanca : ed. del autor, 2019.
Materias:
Etiquetas: Agregar Etiqueta
Sin Etiquetas, Sea el primero en etiquetar este registro!
LEADER 00721nam a22001935a 4500
001 EHU.bham045694
008 130507s2019##################000#0#####d
005 20221004075034.0
245 1 0 |a PRN: proceso de reorganización nacional, 1976-1983 :  |b [aproximación histórica para la escuela secundaria] /  |c Nicolás Ciarniello. 
260 |a Bahía Blanca :  |b ed. del autor,  |c 2019. 
300 |a 96 p. 
020 |a 9789877832204 
100 1 |a Ciarniello, Nicolás 
082 9 8 |a 982.06 C341-1 
653 |a Dictadura argentina-1976-1983 
653 |a Historia argentina-1976-1983 
653 |a Derechos humanos 
653 |a Política argentina-dictadura-1976-1983 
859 |a AR-BHAM  |b BIB. HUMANIDADES - General  |h 982.06  |i C341-1  |p 3809.19  |t Ej.1